New curriculum- national curriculum (Record no. 1398843)

MARC details
000 -LEADER
fixed length control field 00590nam a2200205Ia 4500
005 - DATE AND TIME OF LATEST TRANSACTION
control field 20250508170034.0
008 - FIXED-LENGTH DATA ELEMENTS--GENERAL INFORMATION
fixed length control field 008 250505s9999 xx 000 0 eng d
020 ## - INTERNATIONAL STANDARD BOOK NUMBER
International Standard Book Number 0-631-13756-4
037 ## - SOURCE OF ACQUISITION
Stock number Textual
040 ## - CATALOGING SOURCE
Original cataloging agency FEDL
Language of cataloging eng
Transcribing agency FEDL
041 ## - LANGUAGE CODE
Language code of text/sound track or separate title eng
Source of code eng
084 ## - COLON CLASSIFICATION NUMBER
Classification number 375.009 41, MOO
Assigning agency FEDL
100 ## - MAIN ENTRY--PERSONAL NAME
Personal name Moon Bob Ed.
245 #0 - TITLE STATEMENT
Title New curriculum- national curriculum
260 ## - PUBLICATION, DISTRIBUTION, ETC.
Place of publication, distribution, etc. London, UK
Name of publisher, distributor, etc. Hodder and Stoughton
Date of publication, distribution, etc. 1990
300 ## - PHYSICAL DESCRIPTION
Extent viii, 184p.
546 ## - LANGUAGE NOTE
Language note Gifted by Prof. Anita Rampal
942 ## - ADDED ENTRY ELEMENTS (KOHA)
Koha item type Textual
Classification part 375.009 41, MOO
Holdings
Withdrawn status Lost status Damaged status Not for loan Home library Current library Date acquired Total Checkouts Full call number Barcode Date last seen Price effective from Koha item type
        Department of Education Library Department of Education Library 2025-05-08   375.009 41, MOO EL0092505 2025-05-08 2025-05-08 Textual
Copyright @ Delhi University Library System